Normal view
MARC view
Entry Personal Name
001 - CONTROL NUMBER
- control field: 42783
003 - CONTROL NUMBER IDENTIFIER
- control field: ARRUPE
005 - DATE AND TIME OF LATEST TRANSACTION
- control field: 20181008112400.0
008 - FIXED-LENGTH DATA ELEMENTS
- fixed length control field: 181008|| aca||aabn | a|a d
040 ## - CATALOGING SOURCE
- Original cataloging agency: ARRUPE
- Transcribing agency: ARRUPE
100 ## - HEADING--PERSONAL NAME
- Personal name: Carey, Gordon Vero,
- Dates associated with a name: 1886-
670 ## - SOURCE DATA FOUND
- Source citation: Work cat.: (ARRUPE)0: Carey, Gordon Vero, 1886-, Mind the stop;, 1958.